000 00385cam a2200145ua 4500
003 OSt
008 241224b |||||||| |||| 00| 0 eng d
041 _aeng
082 _a621.317
_bWAR/PR
100 _aWarringten, C .
_96574
245 _aProtective relays: Their theory and practice, Vol 2 /
260 _aLondon :
_bChapman and Hall Ltd ,
_c1985.
300 _a438 ; .
942 _cBK
999 _c9651
_d9651